000 00653nam a2200253Ia 4500
003 OSt
005 20221007112658.0
006 a|||||r|||| 00| 0
007 ta
008 221006b |||||||| |||| 00| 0 eng d
024 _a29,166
037 _cTextual
040 _aLCO
_cLCO
_beng
041 _2eng
_aeng
082 _aZv2,N, Q0
100 _aSaha Tushar Kanti
245 0 _aLegal Methods, Legal System & Reserch
250 _a1st
260 _aNew
_bDelhi Universal Pub. India
_c2010
300 _a243
650 _aLEGAL METHODS
_9708744
942 _hZv2,N, Q0
_cTEXL
999 _c1198729
_d1198729